|
|
|
|
| LEADER |
01311nam a2200337 4500 |
| 001 |
00020949 |
| 008 |
100927r20031983bg mx p w 0 a0eng d |
| 040 |
|
|
|a BD-DhAAL
|c BD-DhAAL
|
| 082 |
0 |
0 |
|a 348.5492/046
|
| 999 |
|
|
|c 9909
|d 9909
|
| 999 |
|
|
|c 9909
|
| 999 |
|
|
|c 9909
|
| 999 |
|
|
|c 9909
|
| 130 |
0 |
|
|a BLD
|9 796
|
| 222 |
|
0 |
|a Bangladesh legal decisions
|
| 245 |
0 |
0 |
|a Bangladesh legal decisions, volume no. 3 /
|c edited by Kazi Ebadul Hoque
|
| 246 |
3 |
0 |
|a B.L.D.
|
| 246 |
1 |
7 |
|a BLD
|
| 260 |
|
|
|a Dhaka :
|b Bangladesh Bar Council,
|c 1983- [Reprinted 2003]
|
| 310 |
|
|
|a Monthly, with an annual cumulation
|
| 362 |
0 |
|
|a Vol. III (Dec. 1982)-
|
| 500 |
|
|
|a Title from caption.
|
| 500 |
|
|
|a Latest issue consulted: Vol. 3,1983
|
| 541 |
|
|
|e 000209479
|
| 650 |
|
0 |
|a Law reports, digests, etc.
|z Bangladesh.
|9 3858
|
| 700 |
1 |
|
|a Hoque, Kazi Ebadul
|9 798
|
| 710 |
2 |
|
|a Bangladesh Bar Council.
|9 799
|
| 852 |
4 |
|
|a Ayesha Abed Library
|j General shelf .
|
| 942 |
|
|
|2 ddc
|c 1HOUR
|
| 952 |
|
|
|0 0
|1 0
|2 ddc
|4 0
|6 348_549204600000000_BAN_1983
|7 0
|9 12818
|a BRACUL
|b BRACUL
|c CIR
|d 2010-10-28
|l 1
|o 348.5492046 BAN
|p 3010020949
|r 2012-12-12
|s 2012-12-12
|t 3
|w 2010-10-28
|y 1HOUR
|
| 952 |
|
|
|0 0
|1 0
|2 ddc
|4 0
|6 348_549204600000000_BAN
|7 0
|9 23910
|a BRACUL
|b BRACUL
|c REF
|d 2014-02-24
|l 3
|o 348.5492046 BAN
|p 3010024532
|r 2018-07-24
|s 2018-07-24
|t 2
|w 2014-02-24
|y 1HOUR
|